Karthik calling Karthik / (Record no. 55691)

MARC details
000 -LEADER
fixed length control field 04437nam a22005657a 4500
001 - CONTROL NUMBER
control field DVD-007558-566
005 - DATE AND TIME OF LATEST TRANSACTION
control field 20110819122149.0
006 - FIXED-LENGTH DATA ELEMENTS--ADDITIONAL MATERIAL CHARACTERISTICS--GENERAL INFORMATION
fixed length control field a|||||r|||||00| 0
007 - PHYSICAL DESCRIPTION FIXED FIELD--GENERAL INFORMATION
fixed length control field vc cvaizu
008 - FIXED-LENGTH DATA ELEMENTS--GENERAL INFORMATION
fixed length control field 100929s2010 ii 180 g vlhin
010 ## - LIBRARY OF CONGRESS CONTROL NUMBER
LC control number DVD-007558-566
024 ## - OTHER STANDARD IDENTIFIER
Standard number or code DVD E-1623
Terms of availability 299.00
035 ## - SYSTEM CONTROL NUMBER
System control number DVD-007558-566
040 ## - CATALOGING SOURCE
Original cataloging agency DLC
Transcribing agency DLC
Modifying agency DLC
Description conventions amim
082 ## - DEWEY DECIMAL CLASSIFICATION NUMBER
Classification number DVD KART
245 00 - TITLE STATEMENT
Title Karthik calling Karthik /
Statement of responsibility, etc excel Entertainment presents ; produced by Ritesh Sidhwani & Farhan Akhtar ; written & directed by Vijay Lalwani.
257 ## - COUNTRY OF PRODUCING ENTITY FOR ARCHIVAL FILMS
Country of producing entity India.
260 ## - PUBLICATION, DISTRIBUTION, ETC. (IMPRINT)
Place of publication, distribution, etc Mumbai :
Name of publisher, distributor, etc Eros International Media,
Date of publication, distribution, etc 2010.
300 ## - PHYSICAL DESCRIPTION
Extent 2 videodiscs of 2 (DVD) (ca. 180 min.) :
Other physical details sd., col. ;
Dimensions 4 3/4 in.
Materials specified viewing copy.
500 ## - GENERAL NOTE
General note Copyright notice on disc: Eros International Media Ltd., India.
500 ## - GENERAL NOTE
General note Discs 1-2 together in one disc.
500 ## - GENERAL NOTE
General note Originally released theatrically in 2010.
500 ## - GENERAL NOTE
General note Summary taken from IMDb.com.
505 0# - FORMATTED CONTENTS NOTE
Formatted contents note Disc 1. The movie (ca. 135 min.) -- disc 2. Bonus disc (ca. 45 min.)
508 ## - CREATION/PRODUCTION CREDITS NOTE
Creation/production credits note Music, Shankar-Ehsaan-Loy ; lyrics, Javed Akhtar ; directory of photography, Sanu Barughese ;
511 1# - PARTICIPANT OR PERFORMER NOTE
Participant or performer note Farhan Akhtar, Deepika Padukone, Ram Kapoor, Vivan Bhatena, Vipin Sharma, Shefali Shetty, Siddhartha Gupta.
520 ## - SUMMARY, ETC.
Summary, etc Karthik Narayan is a much abused employee with ACL Construction, secretly in love with Shonali Mukherjee, who has been going steady with yet another co-worker, Ashish. After purchasing a new telephone, Karthik gets a call from a male voice that resembles his, who instructs him to follow directions; tell no one about this phone call, and he will achieve success. He follows these instructions, is soon promoted, as well as befriends Shonali, and continues following instructions from this caller. After Shonali makes it clear that she loves him, he breaks his promise, and is urged to seek counseling by her. He reluctantly does so with a pyschiatrist, Dr. Shweta Kapadia, who hopes to cure him by visiting him early morning in his flat - not realizing the shock and trauma that await the duo.
538 ## - SYSTEM DETAILS NOTE
System details note Format dual layer, genre comedy/thiller, subtitle in English
546 ## - LANGUAGE NOTE
Language note In Hindi with English subtitles.
650 #0 - SUBJECT ADDED ENTRY--TOPICAL TERM
Topical term or geographic name as entry element Telephone calls
Form subdivision Drama.
9 (RLIN) 33181
650 #0 - SUBJECT ADDED ENTRY--TOPICAL TERM
Topical term or geographic name as entry element Motion picture
9 (RLIN) 33182
650 #0 - SUBJECT ADDED ENTRY--TOPICAL TERM
Topical term or geographic name as entry element Love
General subdivision Psychological aspects
Form subdivision Drama.
9 (RLIN) 33183
700 1# - ADDED ENTRY--PERSONAL NAME
Personal name Lalwani, Vijay,
Relator term direction,
-- writing.
9 (RLIN) 33184
700 1# - ADDED ENTRY--PERSONAL NAME
Personal name Sidhwani, Ritesh,
Relator term production.
9 (RLIN) 33185
700 1# - ADDED ENTRY--PERSONAL NAME
Personal name Akhtar, Farhan,
Dates associated with a name 1974-
Relator term production.
9 (RLIN) 33186
710 2# - ADDED ENTRY--CORPORATE NAME
Corporate name or jurisdiction name as entry element Shankar Ehsaan Loy (Musical group)
9 (RLIN) 33187
710 2# - ADDED ENTRY--CORPORATE NAME
Corporate name or jurisdiction name as entry element Eros International (Firm)
9 (RLIN) 33188
942 ## - ADDED ENTRY ELEMENTS (KOHA)
Source of classification or shelving scheme Dewey Decimal Classification
Item type English Books
Classification part DVD
Call number suffix KART
Holdings
Withdrawn status Lost status Source of classification or shelving scheme Damaged status Not for loan Collection code Home library Current library Date acquired Source of acquisition Cost, normal purchase price Total Checkouts Full call number Barcode Date last seen Date last borrowed Copy number Cost, replacement price Price effective from Koha item type Total Renewals
    Dewey Decimal Classification     Fiction Central Library Central Library 19/08/2011 pioneer/1226/28.3.11 299.00 6 DVD KART DVD-007558 10/02/2018 02/02/2018 1 299.00 19/08/2011 CD-ROMs, DVDs, VHS  
    Dewey Decimal Classification     Fiction Janak Puri Janak Puri 19/08/2011 pioneer/1226/28.3.11 299.00 11 DVD KART DVD-007560 17/06/2013 03/06/2013 1 299.00 19/08/2011 CD-ROMs, DVDs, VHS 1
    Dewey Decimal Classification     Fiction Karol Bagh Karol Bagh 19/08/2011 pioneer/1226/28.3.11 299.00 4 DVD KART DVD-007564 29/09/2013 15/09/2013 1 299.00 19/08/2011 CD-ROMs, DVDs, VHS  
    Dewey Decimal Classification     Fiction Narela Narela 19/08/2011 pioneer/1226/28.3.11 299.00 2 DVD KART DVD-007565 27/04/2012 07/04/2012 1 299.00 19/08/2011 CD-ROMs, DVDs, VHS  
    Dewey Decimal Classification     Fiction Patel Nagar Patel Nagar 19/08/2011 pioneer/1226/28.3.11 299.00 4 DVD KART DVD-007559 11/04/2014 26/03/2014 1 299.00 19/08/2011 CD-ROMs, DVDs, VHS  
    Dewey Decimal Classification     Fiction R.K.Puram-8 R.K.Puram-8 19/08/2011 pioneer/1226/28.3.11 299.00 5 DVD KART DVD-007562 17/07/2014 11/07/2014 1 299.00 19/08/2011 CD-ROMs, DVDs, VHS 1
    Dewey Decimal Classification     Fiction Sarojini Nagar Sarojini Nagar 19/08/2011 pioneer/1226/28.3.11 299.00 18 DVD KART DVD-007561 16/12/2013 23/11/2013 1 299.00 19/08/2011 CD-ROMs, DVDs, VHS  
    Dewey Decimal Classification     Fiction Shahdara Branch Shahdara Branch 19/08/2011 pioneer/1226/28.3.11 299.00   DVD KART DVD-007566 19/08/2011   1 299.00 19/08/2011 CD-ROMs, DVDs, VHS  
    Dewey Decimal Classification     Fiction Vinoba Puri Vinoba Puri 19/08/2011 pioneer/1226/28.3.11 299.00 5 DVD KART DVD-007563 19/12/2013 22/10/2013 1 299.00 19/08/2011 CD-ROMs, DVDs, VHS 1

© Delhi Public Library
Hit Counter
free hit counter